World mythology. (Record no. 1747)
[ view plain ]
| 000 -LEADER | |
|---|---|
| fixed length control field | 03178cam a22004097i 4500 |
| 001 - CONTROL NUMBER | |
| control field | data |
| 005 - DATE AND TIME OF LATEST TRANSACTION | |
| control field | 20260322212116.0 |
| 008 - FIXED-LENGTH DATA ELEMENTS--GENERAL INFORMATION | |
| fixed length control field | data |
| 035 ## - SYSTEM CONTROL NUMBER | |
| System control number | 18481415 |
| 010 ## - LIBRARY OF CONGRESS CONTROL NUMBER | |
| LC control number | 2015301135 |
| 020 ## - INTERNATIONAL STANDARD BOOK NUMBER | |
| International Standard Book Number | 9781619251823 |
| Qualifying information | alk. paper |
| 020 ## - INTERNATIONAL STANDARD BOOK NUMBER | |
| International Standard Book Number | 1619251825 |
| 020 ## - INTERNATIONAL STANDARD BOOK NUMBER | |
| Canceled/invalid ISBN | 97816199251878 (ebook) |
| 035 ## - SYSTEM CONTROL NUMBER | |
| System control number | (OCoLC)840477903 |
| 040 ## - CATALOGING SOURCE | |
| Original cataloging agency | YDXCP |
| Language of cataloging | eng |
| Description conventions | rda |
| Transcribing agency | YDXCP |
| Modifying agency | DLC |
| -- | BDX |
| -- | DON |
| -- | RVE |
| -- | OCLCO |
| -- | CGN |
| -- | OCLCQ |
| -- | ZLM |
| -- | LANGC |
| -- | F4W |
| -- | OCLCF |
| -- | CDX |
| -- | OCLCQ |
| -- | DLC |
| 042 ## - AUTHENTICATION CODE | |
| Authentication code | lccopycat |
| 050 00 - LIBRARY OF CONGRESS CALL NUMBER | |
| Classification number | BL312 |
| Item number | .W65 2013 |
| 082 04 - DEWEY DECIMAL CLASSIFICATION NUMBER | |
| Classification number | 398.2 |
| Edition information | 23 |
| 245 00 - TITLE STATEMENT | |
| Title | World mythology. |
| 246 3# - VARYING FORM OF TITLE | |
| Title proper/short title | Critical survey of mythology and folklore |
| 264 #1 - PRODUCTION, PUBLICATION, DISTRIBUTION, MANUFACTURE, AND COPYRIGHT NOTICE | |
| Place of production, publication, distribution, manufacture | Ipswich, Massachusetts : |
| Name of producer, publisher, distributor, manufacturer | Salem Press, A Division of EBSCO Information Services, Grey House Publishing, |
| Date of production, publication, distribution, manufacture, or copyright notice | [2013] |
| 300 ## - PHYSICAL DESCRIPTION | |
| Extent | xxxvii, 360 pages : |
| Other physical details | maps ; |
| Dimensions | 28 cm. |
| 336 ## - CONTENT TYPE | |
| Content type term | text |
| Content type code | txt |
| Source | rdacontent |
| 337 ## - MEDIA TYPE | |
| Media type term | unmediated |
| Media type code | n |
| Source | rdamedia |
| 338 ## - CARRIER TYPE | |
| Carrier type term | volume |
| Carrier type code | nc |
| Source | rdacarrier |
| 490 1# - SERIES STATEMENT | |
| Series statement | Critical survey of mythology and folklore ; |
| Volume/sequential designation | [3] |
| 500 ## - GENERAL NOTE | |
| General note | A collection of 213 essays on traditional literature from a broad range of regions and cultures in the world. |
| 504 ## - BIBLIOGRAPHY, ETC. NOTE | |
| Bibliography, etc. note | Includes bibliographical references (pages 333-335) and indexes. |
| 520 ## - SUMMARY, ETC. | |
| Summary, etc. | "The Critical Survey of Mythology and Folklore presents articles on myths, folktales, legends, and other traditional literature. Drawing upon the most widely-read literature, this volume covers a diverse range of authors, countries, and cultures. Articles begin with a summary that offers readers the major actions and characters in the tale followed by an analysis of the important cultural and social interpretations of the author and myth. Myths in the volume are organized by regions of the world and cultures, such as Oceania, South East Asia, and Meso-America. In addition, twelve maps listing ancient cultures and charts on mythological figures will provide a broad overview of major deities in world mythology. Students, educators, and general readers will discover a broad critical and cultural survey that engages the contemporary imagination in the importance of myth, fairy tale, and other traditional literature. Key Features: Maps and Mythological Figures presents twelve maps and charts detailing the cultural or geographical placement of many of the deities, authors and tales in the volume; Mythology in the Classroom explains major approaches to studying mythology and fairy tales; A simple Lesson Plan on creation stories, accompanies the essay on teaching mythology in the classroom. The aim is to provide one model for comparative analysis; A Time Line lists major authors, publications, and events related to mythology and traditional literature; A Chronological Index of titles and a Culture and Country Index offer supplemental information on the overall coverage of the volume."--Publisher's website. |
| 650 #0 - SUBJECT ADDED ENTRY--TOPICAL TERM | |
| Topical term or geographic name entry element | Mythology. |
| 650 #7 - SUBJECT ADDED ENTRY--TOPICAL TERM | |
| Topical term or geographic name entry element | Mythology. |
| Source of heading or term | fast |
| Authority record control number or standard number | (OCoLC)fst01031701 |
| 710 2# - ADDED ENTRY--CORPORATE NAME | |
| Corporate name or jurisdiction name as entry element | Salem Press. |
| 830 #0 - SERIES ADDED ENTRY--UNIFORM TITLE | |
| Uniform title | Critical survey of mythology and folklore. |
| 906 ## - LOCAL DATA ELEMENT F, LDF (RLIN) | |
| a | 7 |
| b | cbc |
| c | copycat |
| d | 2 |
| e | ncip |
| f | 20 |
| g | y-gencatlg |
| 925 0# - | |
| -- | acquire |
| -- | 1 shelf copy |
| -- | policy default |
| 955 ## - COPY-LEVEL INFORMATION (RLIN) | |
| -- | rk47 2015-05-08 to CALM |
| Withdrawn status | Lost status | Damaged status | Not for loan | Home library | Current library | Shelving location | Date acquired | Total checkouts | Full call number | Barcode | Date last seen | Price effective from | Koha item type |
|---|---|---|---|---|---|---|---|---|---|---|---|---|---|
| Fairview | Fairview | General stacks | 22/03/2026 | 398.2 | LOC-FPL-00032 | 22/03/2026 | 22/03/2026 | Books |